Schopenhauer : (Record no. 119269)
[ view plain ]
| 000 -LEADER | |
|---|---|
| fixed length control field | 01281cam a2200325 a 4500 |
| 001 - CONTROL NUMBER | |
| control field | 12743957 |
| 003 - CONTROL NUMBER IDENTIFIER | |
| control field | ARRUPE |
| 005 - DATE AND TIME OF LATEST TRANSACTION | |
| control field | 20150131020005.0 |
| 008 - FIXED-LENGTH DATA ELEMENTS--GENERAL INFORMATION | |
| fixed length control field | 020417s2002 enka b 001 0 eng |
| 010 ## - LIBRARY OF CONGRESS CONTROL NUMBER | |
| LC control number | 2002280152 |
| 015 ## - NATIONAL BIBLIOGRAPHY NUMBER | |
| National bibliography number | GBA2-18860 |
| 020 ## - INTERNATIONAL STANDARD BOOK NUMBER | |
| International Standard Book Number | 0192802593 |
| 035 ## - SYSTEM CONTROL NUMBER | |
| System control number | (OCoLC)ocm49298132 |
| 040 ## - CATALOGING SOURCE | |
| Original cataloging agency | UKM |
| Transcribing agency | UKM |
| Modifying agency | DLC |
| 042 ## - AUTHENTICATION CODE | |
| Authentication code | lccopycat |
| 050 00 - LIBRARY OF CONGRESS CALL NUMBER | |
| Classification number | B3114 |
| Item number | .J33 2002 |
| 300 ## - PHYSICAL DESCRIPTION | |
| Other physical details | ill. ; |
| Dimensions | 18 cm. |
| 100 1# - MAIN ENTRY--PERSONAL NAME | |
| Personal name | Janaway, Christopher. |
| 9 (RLIN) | 5721 |
| 245 10 - TITLE STATEMENT | |
| Title | Schopenhauer : |
| Remainder of title | a very short introduction / |
| Statement of responsibility, etc | Christopher Janaway. |
| 260 ## - PUBLICATION, DISTRIBUTION, ETC. (IMPRINT) | |
| Place of publication, distribution, etc | Oxford ; |
| -- | New York : |
| Name of publisher, distributor, etc | Oxford University Press, |
| Date of publication, distribution, etc | 2002. |
| 300 ## - PHYSICAL DESCRIPTION | |
| Extent | 137 p. : |
| 440 #0 - SERIES STATEMENT/ADDED ENTRY--TITLE | |
| Title | Very short introductions ; |
| Volume number/sequential designation | 62 |
| 9 (RLIN) | 5722 |
| 504 ## - BIBLIOGRAPHY, ETC. NOTE | |
| Bibliography, etc | Includes bibliographical references (p. 129-131) and index. |
| 600 10 - SUBJECT ADDED ENTRY--PERSONAL NAME | |
| Personal name | Schopenhauer, Arthur, |
| Dates associated with a name | 1788-1860. |
| 9 (RLIN) | 5723 |
| 856 42 - ELECTRONIC LOCATION AND ACCESS | |
| Materials specified | Publisher description |
| Uniform Resource Identifier | <a href="http://www.loc.gov/catdir/enhancements/fy0613/2002280152-d.html">http://www.loc.gov/catdir/enhancements/fy0613/2002280152-d.html</a> |
| 856 41 - ELECTRONIC LOCATION AND ACCESS | |
| Materials specified | Table of contents only |
| Uniform Resource Identifier | <a href="http://www.loc.gov/catdir/enhancements/fy0613/2002280152-t.html">http://www.loc.gov/catdir/enhancements/fy0613/2002280152-t.html</a> |
| 856 42 - ELECTRONIC LOCATION AND ACCESS | |
| Materials specified | Contributor biographical information |
| Uniform Resource Identifier | <a href="http://www.loc.gov/catdir/enhancements/fy0724/2002280152-b.html">http://www.loc.gov/catdir/enhancements/fy0724/2002280152-b.html</a> |
| 906 ## - LOCAL DATA ELEMENT F, LDF (RLIN) | |
| a | 7 |
| b | cbc |
| c | copycat |
| d | 2 |
| e | ncip |
| f | 20 |
| g | y-gencatlg |
| 942 ## - ADDED ENTRY ELEMENTS (KOHA) | |
| Source of classification or shelving scheme | Library of Congress Classification |
| Koha item type | Monograph ( Printed materials) |
| Koha issues (borrowed), all copies | 2 |
| Withdrawn status | Lost status | Source of classification or shelving scheme | Damaged status | Not for loan | Home library | Current library | Shelving location | Date acquired | Total Checkouts | Full call number | Barcode | Date last seen | Date checked out | Price effective from | Koha item type |
|---|---|---|---|---|---|---|---|---|---|---|---|---|---|---|---|
| Library of Congress Classification | ARRUPE LIBRARY | ARRUPE LIBRARY | Main Collection | 16/12/2013 | 3 | B3114 .J33 2002 | 464122604 | 02/03/2018 | 26/02/2018 | 16/12/2013 | Monograph ( Printed materials) |